Southville International School and Colleges
Your cart is empty.
  • Cart
  • Lists
    Public lists Eva Luna New books Lux_list list_1
    Your lists Log in to create your own lists
  • Log in to your account
  • Your cookies
  • Search history
Southville International School and Colleges
  • Advanced search
  • Recent comments
  • Most popular
  • Libraries

Log in to your account

Log in with GOOGLE


If you do not have an external account, but do have a local account, you can still log in:

  1. Home
  2. MARC view: Qualitative organizational research :
Normal view MARC view ISBD view

Qualitative organizational research : (Record no. 117869)

[ view plain ]
MARC details
000 -LEADER
fixed length control field 00591nam a2200181Ia 4500
008 - FIXED-LENGTH DATA ELEMENTS--GENERAL INFORMATION
fixed length control field 140529s9999 xx 000 0 und d
020 ## - INTERNATIONAL STANDARD BOOK NUMBER
International Standard Book Number 9780857024114
050 ## - LIBRARY OF CONGRESS CALL NUMBER
Classification number HM 786
Item number .Sy96 2012
100 ## - MAIN ENTRY--PERSONAL NAME
Personal name Symon, Gillian.
245 ## - TITLE STATEMENT
Title Qualitative organizational research :
Remainder of title core methods and current challenges /
Statement of responsibility, etc Gillian Symon & Catherine Cassell
260 ## - PUBLICATION, DISTRIBUTION, ETC. (IMPRINT)
Place of publication, distribution, etc Los Angeles ; London :
Name of publisher, distributor, etc SAGE,
Date of publication, distribution, etc c2012.
300 ## - PHYSICAL DESCRIPTION
Extent 523 p. ;
Dimensions 24 cm.
500 ## - GENERAL NOTE
General note Includes bibliographical references and index.
521 ## - TARGET AUDIENCE NOTE
Target audience note
650 ## - SUBJECT ADDED ENTRY--TOPICAL TERM
Topical term or geographic name as entry element Qualitative research.
942 ## - ADDED ENTRY ELEMENTS (KOHA)
Call number prefix Foreign
Koha item type Books
Holdings
Withdrawn status Lost status Damaged status Home library Current library Shelving location Date acquired Cost, normal purchase price Total Checkouts Full call number Barcode Date last seen Price effective from Koha item type
      College Library College Library Reserve Section 05/30/2014 3534.00   HM 786 .Sy96 2012 C15249 05/15/2018 05/30/2014 Books

Qualitative organizational research :

APA

Symon G., . (2012). Qualitative organizational research. Los Angeles ; London: SAGE.

Chicago

Symon Gillian, . 2012. Qualitative organizational research. Los Angeles ; London: SAGE.

Harvard

Symon G., . (2012). Qualitative organizational research. Los Angeles ; London: SAGE.

MLA

Symon Gillian, . Qualitative organizational research. Los Angeles ; London: SAGE. 2012.

  • Place hold
  • Print
  • Cite
  • Add to your cart (remove)
  • Save record
    BIBTEX Dublin Core MARCXML MARC (non-Unicode/MARC-8) MARC (Unicode/UTF-8) MARC (Unicode/UTF-8, Standard) MODS (XML) RIS
  • More searches
    Search for this title in:
    Other Libraries (WorldCat) Other Databases (Google Scholar) Online Stores (Bookfinder.com) Open Library (openlibrary.org)

Exporting to Dublin Core...

SOUTHVILLE LIBRARY

Southville International School and Colleges Library

1281 Tropical Ave. Cor. Luxembourg St., BF Homes International, Las Pinas City

Tel. No. 8256374 / 252358 Loc. 117/146

Powered by Koha